Sugerencias y ejercicios: iniciación profesional. Libro del Maestro.

Saved in:
Bibliographic Details
Main Author: Alvarez Pérez, Antonio. Autor
Format: Book
Language:English
Published: Valladolid Miñon c1957
Edition:1ª ed.
Textbook Catalogue:MANES:  Library Catalog Search Result
Textbook Classification:
Tags: Add Tag
No Tags, Be the first to tag this record!
Added to:2022-07-12
Changed in:2025-05-07

MARC

LEADER 00000nam a22000007a 4500
005 20250507134622.0
008 220713b |||||||| |||| 00| 0 eng d
040 |a UNED  |c centro_manes 
100 |9 3490  |a Alvarez Pérez, Antonio. Autor 
245 |a Sugerencias y ejercicios:   |b iniciación profesional. Libro del Maestro. 
250 |a 1ª ed. 
260 |a Valladolid  |b Miñon  |c c1957 
300 |a 423p  |c 22 x 16 cm 
500 |a Edición ilustrada con grabados en blanco y negro. Contiene ejercicios y solucionario 
546 |a España 
561 |5 es-BUNED  |3 LT 3839  |a España. Fondo Manes UNED  |k MANES 
690 0 |a LEN  |a MATE  |a CN 
691 0 |a PRI 
942 |2 ddc  |c BK 
999 |c 99686  |d 99686 
999 |c manes:99686  |d 99686